| 000 | 00960cam a2200217 4500 | ||
|---|---|---|---|
| 001 | WB3822-25 | ||
| 008 | 020618n2002 000 0 eng u | ||
| 035 | _a(Sirsi) u118438 | ||
| 245 | _aSecond homes tax could fund affordable housing | ||
| 260 | _c2002 | ||
| 490 |
_aRICS News Service _v18 June 2002, (1) |
||
| 520 | _aThe Country Land and Business Association has welcomed a move to allow local authorities to remove the 50% tax deduction on second homes, whilst suggesting this revenue should be re-invested in affordable rural housing. To view the CLA press release: http://www.cla.org.uk/sources/27/171/4026826/02060HQ.htm To view the government's Rural White paper: http://www.defra.gov.uk/wildlife-countryside/ruralwp/cm4909/index.htm | ||
| 590 | _aWB | ||
| 650 | _aCLA | ||
| 650 | _aRURAL WHITE PAPER | ||
| 650 |
_aAffordable housing _96215 |
||
| 650 | _aSECOND HOMES | ||
| 650 | _aRURAL COMMUNITIES | ||
| 690 |
_aRural _96268 |
||
| 942 | _n0 | ||
| 999 |
_c70497 _d70497 |
||